| 000 | 00952nam a2200253Ia 4500 | ||
|---|---|---|---|
| 001 | 21805 | ||
| 005 | 20260408080737.0 | ||
| 008 | 260320s9999||||xx |||||||||||||| ||und|| | ||
| 020 | _a9786123331634 | ||
| 041 | _aESP | ||
| 082 |
_a343.8 _bH46 V. 2 |
||
| 100 |
_aHerrada Córdova, Marco Antonio, _eAUT |
||
| 245 | 0 | _aGuía de percepciones, retenciones y detracciones 2025 y casuística aplicada | |
| 250 | _aPrimera edición | ||
| 260 |
_aLima : _bGaceta Jurídica, _c2025 |
||
| 300 |
_a126 páginas : _bgráficos, tablas ; _c24 cm. |
||
| 440 | _a(Contadores & Empresas. Tributaria sobre IGV) | ||
| 650 | _aCIS | ||
| 653 | _aDerecho tributario; Impuesto general a las ventas (IGV) - Perú; Impuestos - Legislacion - Perú; | ||
| 654 | _aDER | ||
| 700 |
_aVéliz Lázaro, Héctor Eduardo, _cAUT |
||
| 856 |
_uhttps://legal-legis-com-pe.ucsp.lookproxy.com/home/Corporativo _zVéase además: Base de datos Multilegis |
||
| 942 |
_cLIB _dJUS _fMAT _2ddc |
||
| 999 |
_c21805 _d21805 |
||